000 00310nam a2200121Ia 4500
008 191201s2012 xx 000 0 und d
100 _aGULATI, R.R.
245 0 _aMonochrome and Colour Television
260 _aN. Delhi
_bNew Age International
_c2012
300 _a688
650 _aB.Tech(ECE)
942 _2ddc
_cBK
999 _c6346
_d6346